000 00364 a2200097 4500
245 0 0 _aOchrona przed promieniowaniem optycznym - Promieniowanie podczerwone Nazwy, określenia, jednostki PN-77/T-05685 /
_cMP,P i S Socjaln..
246 1 3 _aPN-77/T-05685
246 1 3 _a614.875:001.4:53.081
260 _aWarszawa :
_bMP,P i S Socjaln.,
_c1977.
300 _a2 stron ;
_c30 cm.
650 _aPolska norma
999 _c19640
_d19640